01244nam a22003137a 4500999001500000001000600015003000900021005001700030008004100047020001800088020001500106040002800121082001800149245010700167250001300274260005300287300004800340490002600388500002100414650002700435650001800462700002400480700002300504700002500527942001200552952011600564952011600680952013400796 c5035d503515025BD-DhUAP20201129120901.0201129s2009 ii a 001 0 eng  a9780070677258 a0070677255 aDLCcDLCdBD-DhUAPbEng 223a615.1 BAS00aBasic & clinical pharmacology /cedited by Bertram G. Katzung, Susan B. Masters and Anthony J. Trevor. a11th ed. aNew Delhi :bTata McGraw Hill Education,cc2009. axiii, 1218 pages :billustrations ;c28 cm. aa LANGE medical book. aIncludes index.  0aClinical pharmacology. 0aPharmacology.1 aKatzung, Bertram G.1 aMasters, Susan B. 1 aTrevor, Anthony J.  2ddccBK 00102ddc4070aUAPCLbUAPCLcGeneral Stacksd2020-11-29o615.1 BASp3010015025r2020-11-29t1w2020-11-29yBK 00102ddc4070aUAPCLbUAPCLcGeneral Stacksd2020-11-29o615.1 BASp3010015026r2020-11-29t2w2020-11-29yBK 00102ddc4070aUAPCLbUAPCLcGeneral Stacksd2020-11-29l2m2o615.1 BASp3010015024r2024-11-07s2024-09-30t3w2020-11-29yBK